000 01153nam a22003377a 4500
003 CHAP
005 20220817044535.0
008 120817s1994 it r 00010 spa d
010 _a103676
011 _a104648
035 _a115338
040 _cCHAP
090 _aFolleto 18334
110 2 _aFAO
245 1 0 _aInforme del 63<U+00BA> período de sesiones del Comité de Asuntos Constitucionales y Jurídicos (CACJ) :
_bconsejo 107<U+00BA> período de sesiones
_c/por FAO
260 _aRoma :
_bFAO,
_c1994
300 _a12 p.
500 _aCL 107/15
590 _aBATCH-UPD
_b10
_c20130110
_lUCH01
_h1830
590 _aBATCH-UPD
_b10
_c20130410
_lUCH01
_h1202
590 _aBATCH-UPD
_b10
_c20130914
_lUCH01
_h1038
590 _aCONVERSION
_b10
_c20130109
_lUCH01
_h1357
650 1 4 _aContratos.
_927452
650 1 4 _aFAO
_939429
650 1 4 _aOrganismos Internacionales Agrícolas.
_983526
650 1 4 _aPersonal
_xAdministración de.
_987325
901 _aBK
942 _cFOLL
949 _aFolleto 18334
_bBC
_cFAO
_d33724002100637
_eFAO1
_gDonaciØn
_i115338
_st
949 _aFolleto 18334
_bBC
_cFAO
_d33724002344231
_eFAO2
_fc.2
_gDonaciØn
_i115338
_st
999 _c103676
_d103676